[Event "84th Annual Southwest Open"]
[Site "Irving"]
[Date "2018.09.02"]
[Round "6"]
[White "Raznikov, Danny"]
[Black "Ostrovskiy, Aleksandr"]
[Result "1/2-1/2"]
[WhiteElo "2498"]
[BlackElo "2425"]
[Annotator "TA"]
[PlyCount "55"]
[EventDate "2018.08.31"]
[EventType "swiss"]
[EventCountry "USA"]
[SourceTitle "playchess.com"]
[Source "ChessBase"]
[SourceQuality "1"]

{[%evp 20,55,20,29,22,9,11,0,6,0,13,11,27,12,24,21,29,12,11,11,12,17,53,56,62,50,52,10,12,0,0,-20,0,-4,0,0,5,-29967]} 1. d4 d5 2. c4 e6 3. Nc3 Bb4 4. a3 Bxc3+ 5. bxc3 Nf6 6. e3 c6 {E40: Nimzo-Indian: Rubinstein (4 e3): Unusual Black 4th moves} 7. a4 O-O 8. Nf3 b6 9. cxd5 cxd5 10. Ba3 Re8 11. Bb5 {LiveBook: 9 Games} Bd7 12. c4 $146 ({Predecessor:} 12. Be2 Qc7 13. Rc1 Qc6 14. a5 b5 15. Ne5 Qc7 {1-0 (60) Korobov,A (2664)-Brkic,A (2590) Batumi 2018}) 12... a6 13. Bxd7 Nbxd7 14. cxd5 exd5 15. O-O Qc8 16. Rc1 $36 {[%mdl 2048] White is more active.} Qb7 17. Qb3 Rac8 18. h3 h6 19. Nh4 {Hoping for Nf5.} g6 20. Nf3 Rxc1 21. Rxc1 Rc8 22. Rxc8+ Qxc8 23. Nd2 Qc6 {The position is equal.} 24. f3 Ne8 25. e4 Nc7 26. Bb2 Nf8 27. Qc3 Qxc3 28. Nb3 $2 {[%mdl 40960] Precision: White = 48%, Black = 75%. . An unexpected result.} (28. Bxc3 $11 Nfe6 29. Kf2) 1/2-1/2

[Event "84th Annual Southwest Open"]
[Site "Irving"]
[Date "2018.09.02"]
[Round "6"]
[White "Popilski, Gil"]
[Black "Baryshpolets, Andrey"]
[Result "1/2-1/2"]
[WhiteElo "2491"]
[BlackElo "2609"]
[Annotator "TA"]
[PlyCount "45"]
[EventDate "2018.08.31"]
[EventType "swiss"]
[EventCountry "USA"]
[SourceTitle "playchess.com"]
[Source "ChessBase"]
[SourceQuality "1"]

{[%evp 15,45,15,24,0,4,5,17,4,10,13,4,12,5,13,7,8,15,18,13,0,0,-3,0,-16,-9,-31,-27,-24,-31,-22,-15,-5]} 1. d4 d5 2. c4 e6 3. Nf3 Nf6 4. g3 dxc4 5. Bg2 a6 6. O-O Nc6 7. Bg5 {E04: Open Catalan: 5 Nf3} (7. e3 Rb8 8. Qe2 b5 9. b3 cxb3 10. axb3 Bd6 11. Rd1 Qe7 12. Bb2 O-O 13. Rc1 Bb7 14. Ne5 Nb4 15. Bxb7 Rxb7 {1-0 (52) So,W (2778)-Mamedyarov,S (2808) Leuven 2018}) 7... Be7 8. e3 O-O {LiveBook: 20 Games} 9. Qc1 {White has an edge.} h6 10. Bxf6 $1 Bxf6 11. Rd1 $146 ({Predecessor:} 11. Nfd2 e5 12. d5 Na7 13. Nxc4 Nb5 14. Qc2 g6 {½-½ (29) Yuferev,O (2239)-Haba,P (2472) Marianske Lazne 2016}) 11... Na5 12. Nfd2 Rb8 13. Nxc4 Nxc4 14. Qxc4 e5 15. d5 Be7 16. Nd2 {[%cal Bb1d2,Bd2e4,Be4c5][%mdl 32]} Bd6 17. Ne4 Bf5 18. Nc5 a5 19. e4 Bg4 20. Re1 Qe7 21. Rac1 c6 22. h3 Rfc8 23. hxg4 {Precision: White = 59%, Black = 90%.} 1/2-1/2

[Event "84th Annual Southwest Open"]
[Site "Irving"]
[Date "2018.09.02"]
[Round "6"]
[White "Checa, Nicolas"]
[Black "Lin, Andy"]
[Result "1-0"]
[WhiteElo "2478"]
[BlackElo "2274"]
[Annotator "TA"]
[PlyCount "125"]
[EventDate "2018.08.31"]
[EventType "swiss"]
[EventCountry "USA"]
[SourceTitle "playchess.com"]
[Source "ChessBase"]
[SourceQuality "1"]

{[%evp 17,125,15,33,35,29,27,26,19,29,14,7,15,51,0,0,-5,0,0,0,0,0,0,0,-5,0,-15,-23,-22,-23,-16,-17,-17,-7,-17,-8,-8,0,0,31,14,113,113,110,103,122,118,137,119,140,138,110,113,113,104,115,96,102,94,97,96,101,92,103,77,167,118,123,123,130,130,130,93,194,109,131,122,247,233,427,275,316,295,308,285,470,450,691,691,610,445,688,688,664,406,654,671,611,604,581,370,818,415,773,417,29977,29978,29977,29978,29975,29976]} 1. d4 d5 2. c4 e6 3. Nf3 c6 4. Bg5 Be7 5. Bxe7 Qxe7 6. e3 {D30: Queen's Gambit Declined: Systems without Nc3} (6. Nbd2 Nf6 7. g3 O-O 8. Bg2 b6 9. O-O Bb7 10. Ne5 Nbd7 11. Nxd7 Nxd7 12. Rc1 Rfd8 13. Qb3 Rab8 14. Rfd1 {½-½ (36) Radjabov,T (2741)-Rapport,R (2692) Palma de Mallorca 2017}) 6... Nf6 7. Nc3 O-O 8. Qc2 Nbd7 9. cxd5 cxd5 {LiveBook: 4 Games} 10. Bd3 b6 11. O-O Bb7 12. Rac1 Rfc8 13. Qe2 $146 ({Predecessor:} 13. Qb1 a6 {1-0 (73) Fischer,D (2310)-Jenkinson,S (2310) ICCF email 2016}) 13... Ne4 14. Nb5 Bc6 15. Na3 (15. Rc2 $14) 15... Bb7 $11 16. Ba6 Ndf6 {[%cal Bd7f6,Bf6e8,Be8d6][%mdl 32]} 17. Ne5 Nd6 18. f3 Nfe8 19. Bd3 f6 20. Ng4 e5 21. Qd2 e4 22. fxe4 Nxe4 23. Qe2 N8d6 24. Nf2 Nxf2 25. Qxf2 Rxc1 26. Rxc1 Re8 27. Nb5 Rc8 28. Rxc8+ Bxc8 (28... Nxc8 $11 {keeps the balance.} 29. Qg3 Qb4) 29. Nxd6 $16 Qxd6 {[#]} 30. Bxh7+ $1 {[%mdl 512]} Kf8 (30... Kxh7 31. Qc2+) 31. Bd3 Be6 32. a3 a5 33. h3 Qc7 34. Qd2 Qg3 35. Kf1 Qh2 {With the idea ...Bxh3.} 36. Be2 Bf5 37. Bf3 Bxh3 38. Bxd5 Bg4 39. Qc3 Qh7 40. e4 g5 (40... Qh2 $16) 41. b4 {Hoping for Kg1.} Qh1+ 42. Kf2 axb4 43. Qxb4+ Ke8 44. Qc3 {Qc6+ is the strong threat.} Qd1 {[#]} (44... Bd7 $16 {might work better.} 45. Qe3 Qb1) 45. Bc4 (45. e5 $1 $18) 45... Bd7 46. d5 {Threatens to win with Be2.} Ke7 (46... Kf7 $16 47. Be2 Qa4) 47. e5 $18 {[%cal Be4e5,Be5e6][%mdl 32]} Qg4 $2 (47... fxe5 48. Qxe5+ Kd8 49. Qxg5+ Kc7) 48. Qb4+ Ke8 49. e6 ({Weaker is} 49. exf6 Qf4+ 50. Ke1 Qc1+ 51. Ke2 Bg4+ 52. Kf2 Qf4+ 53. Kg1 Qe3+ 54. Kh1 Qc1+ 55. Kh2 Qf4+ 56. Kh1 Qc1+ 57. Kh2 Qf4+ 58. Kg1 Qe3+ 59. Kh1 Qc1+ $11) 49... Qf4+ 50. Ke1 Qe3+ $2 (50... Qe4+ {keeps fighting.} 51. Be2 Qxb4+ 52. axb4 Bc8 53. Bb5+ Kd8) 51. Be2 Bxe6 (51... Bc8 $142 52. Qd6 Qg1+ 53. Kd2 Qd4+ 54. Bd3 Qb2+ 55. Ke3 Qc3) 52. dxe6 Qxe6 53. Kf1 Qe3 (53... Qf5+ $142 54. Kg1 Qe5 55. Bb5+ Kd8) 54. Bh5+ Kd7 55. Bg4+ Kc7 (55... Kc6 $142 56. Qc4+ Kd6) 56. Qc4+ Kd6 57. a4 Qe5 58. Qd3+ Kc7 $2 (58... Qd5 59. Qc3 Qe5) 59. Qd7+ Kb8 60. Bf3 {[%csl Gf3][%cal Rd7b7]} Qa1+ (60... Qc7 $18 61. Qe8+ Qc8) 61. Kf2 {[%csl Gf3][%cal Rd7b7] White mates.} Qb2+ 62. Kg3 {[%csl Gf3][%cal Rd7b7]} Qe5+ 63. Kg4 {Precision: White = 68%, Black = 32%.} 1-0

[Event "84th Annual Southwest Open"]
[Site "Irving"]
[Date "2018.09.02"]
[Round "6"]
[White "Patel, Advait"]
[Black "Reshef, Omer"]
[Result "1/2-1/2"]
[WhiteElo "2475"]
[BlackElo "2497"]
[Annotator "TA"]
[PlyCount "41"]
[EventDate "2018.08.31"]
[EventType "swiss"]
[EventCountry "USA"]
[SourceTitle "playchess.com"]
[Source "ChessBase"]
[SourceQuality "1"]

{[%evp 19,41,0,9,-11,-10,-20,0,0,4,-6,10,0,25,0,15,21,29,-7,29,-14,-16,-16,0,-28]} 1. e4 e5 2. Nf3 Nf6 3. d4 Nxe4 4. Bd3 d5 5. Nxe5 Nd7 6. O-O Nxe5 7. dxe5 Nc5 {C43: Petroff Defence: 3 d4} 8. Be3 Nxd3 9. Qxd3 Be7 10. f4 g6 {LiveBook: 6 Games} 11. Nd2 $146 ({Predecessor:} 11. Nc3 c6 12. Ne2 O-O 13. Ng3 Bh4 14. Bc5 Re8 15. Rad1 {½-½ (33) Adams,M (2709)-Sandipan,C (2579) Caleta 2018}) 11... c5 12. Nf3 O-O 13. c3 Be6 14. Rad1 Qd7 15. Bf2 Rfd8 16. h3 Rac8 17. Qd2 b6 18. a3 Bf5 19. Kh2 Be4 20. Qe2 f5 21. exf6 {Precision: White = 41%, Black = 41%.} 1/2-1/2

[Event "84th Annual Southwest Open"]
[Site "Irving"]
[Date "2018.09.02"]
[Round "6"]
[White "Stremavicius, Titas"]
[Black "Shen, Christopher"]
[Result "0-1"]
[WhiteElo "2467"]
[BlackElo "2254"]
[Annotator "TA"]
[PlyCount "112"]
[EventDate "2018.08.31"]
[EventType "swiss"]
[EventCountry "USA"]
[SourceTitle "playchess.com"]
[Source "ChessBase"]
[SourceQuality "1"]

{[%evp 23,112,0,8,8,5,5,10,6,7,8,14,8,20,15,16,15,22,19,32,34,27,25,67,-18,-10,-19,-32,-71,0,-8,0,-29,-28,-53,-47,-88,-88,-94,-100,-114,-97,-100,-90,-214,-158,-168,-170,-162,-172,-177,-147,-158,-137,-125,-147,-147,-133,-116,-126,-131,-91,-103,-104,-470,-504,-490,-485,-489,-481,-522,-492,-486,-299,-522,-524,-515,-466,-460,-485,-539,-536,-532,-522,-642,-653,-629,-602,-618,-597,-713,-711]} 1. d4 Nf6 2. c4 g6 3. Nc3 Bg7 4. e4 d6 5. Bd3 O-O 6. Nge2 c5 7. d5 e6 8. h3 exd5 9. exd5 Nfd7 10. f4 {E70: King's Indian: Miscellaneous lines with 4 e4, including 5 Nge2 and 5 Bd3 0-0 6 Nge2} f5 11. O-O Nf6 (11... Re8 12. Bd2 Na6 13. Re1 Nf6 14. Ng3 Rxe1+ 15. Bxe1 Bd7 16. a3 Kh8 17. Bf2 Rc8 {0-1 (56) Malakhov,V (2712)-Grischuk,A (2771) Moscow 2010 CBM 140 [Krasenkow,M]}) 12. Be3 Na6 {LiveBook: 5 Games} 13. a3 Re8 14. Bf2 Bd7 15. Rb1 Nc7 16. b4 $146 ({Predecessor:} 16. Kh1 Kh8 17. b4 b6 {1-0 (40) Kovacevic,B (2458)-Brkic,B (2279) Neum 2002}) 16... b6 17. Kh1 Qc8 18. b5 Ne4 19. Be1 Re7 20. Bh4 Re8 21. Qc2 {[%cal Rc3e4]} Nf6 22. a4 a5 23. bxa6 (23. Rbe1 $14) 23... Qxa6 24. Qb3 Re3 25. Rfd1 {[#]} Rb8 (25... Nfxd5 $1 $17 {[%mdl 512] White must now prevent ...Nb4.} 26. Nxd5 Nxd5 27. cxd5 Bxa4) 26. Bf2 Ree8 27. Ng3 Qa5 28. Nb5 Nxb5 29. cxb5 Ra8 30. Bc2 Qa7 31. Qc4 Qb7 32. Re1 Rxe1+ (32... Nxd5 33. Bb3 $16) (32... Qxd5 $6 33. Qxd5+ Nxd5 34. Bb3 $14) 33. Bxe1 (33. Rxe1 $17 Be8 34. Bb3) 33... Be8 34. Bb3 Bf7 {[%cal Rf7d5]} 35. Rd1 Re8 36. Bc3 Re3 37. Nf1 Re4 38. Qd3 Rxf4 39. Nd2 Qe7 ({Much worse is} 39... Nxd5 $6 40. Bxg7 Kxg7 41. Nf3 $15) 40. a5 bxa5 {[#] Hoping for ...Ng4!} 41. b6 Qb7 42. Qb5 {Threatens to win with Qc6.} Nxd5 43. Bxd5 $4 {[%mdl 8192]} (43. Bxa5 $17 {is a better chance.} Rd4 44. Rb1) 43... Bxd5 $19 ({Don't go for} 43... Qxd5 $2 44. b7 $18) 44. Qe8+ Bf8 45. Nf3 Re4 ({Not} 45... Rxf3 46. gxf3 Bf7 47. Qe3 $19) 46. Qd8 Re7 47. Nh4 Rd7 48. Qe8 $2 (48. Qg5 Be4 49. Qf6) 48... Bf7 {Black is clearly winning.} 49. Qe1 Qxb6 50. Bxa5 Qc6 51. Bc3 d5 {[%cal Bd6d5,Bd5d4][%mdl 32]} 52. Nf3 Re7 53. Qg3 d4 54. Bd2 Re8 55. Bf4 Bg7 56. Ne5 Qd5 {Precision: White = 46%, Black = 51%.} 0-1

[Event "84th Annual Southwest Open"]
[Site "Irving"]
[Date "2018.09.02"]
[Round "6"]
[White "Arribas Lopez, Angel"]
[Black "Shtembuliak, Evgeny"]
[Result "1/2-1/2"]
[WhiteElo "2460"]
[BlackElo "2518"]
[Annotator "TA"]
[PlyCount "70"]
[EventDate "2018.08.31"]
[EventType "swiss"]
[EventCountry "USA"]
[SourceTitle "playchess.com"]
[Source "ChessBase"]
[SourceQuality "1"]

{[%evp 17,70,24,27,0,0,-14,-1,-44,33,6,20,37,87,76,70,53,88,89,111,33,41,37,75,21,29,0,0,0,12,-30,-38,-52,-54,-111,0,0,0,0,0,0,0,0,0,-44,-56,-61,-67,-55,0,0,0,-54,0,0,0]} 1. e4 e6 2. d4 d5 3. Nc3 Nf6 4. e5 Nfd7 5. Nce2 c5 6. f4 Nc6 7. c3 b5 8. a3 a5 9. Nf3 {C11: French: Classical System: 4 e5 and 4 Bg5 dxe4} Ba6 {LiveBook: 7 Games} (9... g6 10. g4 h5 11. Bh3 hxg4 12. Bxg4 Ba6 13. h4 b4 14. axb4 axb4 15. Be3 bxc3 16. bxc3 Bxe2 17. Kxe2 cxd4 18. cxd4 {0-1 (32) Selin,V (2322)-Moskalenko,A (2531) Sochi 2017}) 10. g4 Be7 11. f5 cxd4 $146 ({Predecessor:} 11... Bh4+ 12. Ng3 Nf8 13. Be3 h5 14. g5 cxd4 15. cxd4 Bxg3+ 16. hxg3 exf5 {0-1 (43) Zimmermann,C (2045)-Wichmann,C (2360) Dresden 2013}) 12. cxd4 b4 (12... O-O $1 $15) 13. h4 bxa3 14. bxa3 Nb6 15. Nf4 Bxf1 16. Kxf1 Qd7 17. Qd3 Nc4 18. Ng5 (18. Ra2 $16) 18... Bxg5 $1 $14 19. hxg5 O-O-O 20. Ra2 (20. Rb1 $16) 20... Qa7 $11 21. fxe6 fxe6 22. Nxe6 Rde8 23. Nc5 Rhf8+ 24. Kg2 N6xe5 $1 25. Qxh7 {[#]} ({White should play} 25. Qd1 $15) 25... Nc6 (25... Nf3 $1 $17 {[%cal Rf3d4]} 26. Qd3 Qf7 27. Qf5+ Qxf5 28. gxf5 Rxf5) 26. Qd3 Qf7 {Threatens to win with ...Ne3+!} 27. g6 $36 {[%mdl 2048] White fights for an advantage.} Qf6 {And now ...Ne3+! would win.} 28. g5 (28. Qb3 {[#] leads to mate.} Ne3+ $1 {[%mdl 512]} 29. Bxe3 Qf3+ 30. Kg1 Qg3+ 31. Rg2 Qe1+ 32. Kh2 Rh8+ 33. Bh6 Rxh6+ 34. Qh3 Rxh3+ 35. Kxh3 Rh8#) 28... Qxd4 {( -> ...Qg4+)} 29. Qh3+ Kc7 $1 30. Ne6+ {[#]} Rxe6 $1 {[%mdl 512]} 31. Qxe6 N4e5 32. Re1 $1 {aiming for Rc2.} Nf3 {[%mdl 1024] ...Rf5! is the strong threat. Black has compensation.} (32... Qc3 $5 {[%cal Rc3f3]} 33. Rxe5 Qf3+ 34. Kg1 Qg3+ 35. Rg2 Qxe5 36. Qxe5+ Nxe5 $17) 33. Rh1 {Strongly threatening Rc2.} Nfe5 34. Re1 $1 {Hoping for Rc2.} Nf3 (34... Qc3 $15 35. Rxe5 Qf3+ 36. Kg1 Qg3+ 37. Rg2 Qxe5 38. Qxe5+ Nxe5 39. Rc2+ Kd6) 35. Rh1 {Black must now prevent Rc2.} Nfe5 {Precision: White = 38%, Black = 50%.} 1/2-1/2

[Event "84th Annual Southwest Open"]
[Site "Irving"]
[Date "2018.09.02"]
[Round "6"]
[White "Wheeler, Cameron"]
[Black "Berczes, David"]
[Result "1-0"]
[WhiteElo "2406"]
[BlackElo "2501"]
[Annotator "TA"]
[PlyCount "65"]
[EventDate "2018.08.31"]
[EventType "swiss"]
[EventCountry "USA"]
[SourceTitle "playchess.com"]
[Source "ChessBase"]
[SourceQuality "1"]

{[%evp 18,65,16,16,22,11,68,36,57,52,41,4,12,9,32,35,36,18,24,22,49,37,47,42,155,150,230,225,234,222,258,243,335,324,870,852,1048,1031,930,930,1358,702,704,689,889,779,756,749,4970,4870]} 1. d4 Nf6 2. Nf3 b6 3. g3 Bb7 4. c4 g6 5. Bg2 Bg7 6. O-O O-O 7. d5 Ne4 {A50: Damenindisch (ohne e7-e6)} (7... e6 8. Nc3 Re8 9. Nd4 exd5 10. cxd5 Na6 11. e4 Nc5 12. Re1 Nxd5 13. exd5 Rxe1+ 14. Qxe1 Bxd4 15. Be3 {0-1 (39) Melkumyan,H (2633)-Mamedyarov,S (2799) Riadh 2017}) 8. Qc2 f5 9. Rd1 Na6 10. Be3 {LiveBook: 3 Partien} c6 $146 ({Vorgänger:} 10... Qe8 11. Bd4 e5 12. dxe6 Bxd4 13. Nxd4 dxe6 14. Nd2 Nd6 15. Bxb7 Nxb7 {½-½ (33) Esipenko,A (2589)-Kovalenko,I (2641) Riga 2018}) 11. Bd4 Bh6 (11... Bxd4 $11 12. Nxd4 cxd5) 12. Nc3 cxd5 13. cxd5 Rc8 14. Qb1 Nac5 15. Ne5 {[%cal Rg2e4]} Nxc3 16. Bxc3 Ba6 17. e3 Bg7 18. d6 exd6 19. Rxd6 {[#] Und Dd1 würde nun gewinnen.} Qe7 20. Qd1 $1 Kh8 ({Günstiger ist} 20... Bxe5 $14 21. Qd5+ Rf7 22. Qxe5 (22. Bxe5 Bb7 $17) 22... Qxe5 23. Bxe5 Ne4) 21. Nxd7 $16 Bxc3 (21... Rfd8 $16) 22. bxc3 $18 Nxd7 23. Rxd7 Qf6 24. Qa4 ({Finger weg von} 24. Rxa7 $6 Rfd8 $16) 24... Qxc3 25. Rad1 {[#] Beabsichtigt Dh4 und Matt.} Qc4 $2 (25... Bc4 26. Qxa7 Kg8 27. Rxh7 Rcd8) 26. Qa3 {Weiß steht klar auf Gewinn.} Bb5 27. Qb2+ Qc3 28. Qxb5 Rc5 29. Qd3 Qxd3 30. R1xd3 Ra5 31. Bd5 Rc8 32. Bb3 Ra3 33. Re7 {Precision: Weiß = 63%, Schwarz = 29%.} 1-0

[Event "84th Annual Southwest Open"]
[Site "Irving"]
[Date "2018.09.02"]
[Round "6"]
[White "Wang, Justin"]
[Black "Dejmek, Mark"]
[Result "1-0"]
[WhiteElo "2391"]
[BlackElo "1998"]
[Annotator "TA"]
[PlyCount "109"]
[EventDate "2018.08.31"]
[EventType "swiss"]
[EventCountry "USA"]
[SourceTitle "playchess.com"]
[Source "ChessBase"]
[SourceQuality "1"]

{[%evp 35,109,14,18,19,42,42,46,44,43,31,38,10,18,0,20,0,0,0,29,0,0,0,18,5,23,5,11,0,0,0,11,11,11,11,17,11,41,43,29,42,39,25,199,197,185,141,529,545,489,485,589,481,477,378,1301,877,1409,779,1318,811,1289,1198,2129,2007,1924,1625,5165,4341,2553,2818,2786,2820,29976,29976,29968,6111]} 1. e4 c5 2. Nf3 d6 3. d4 cxd4 4. Nxd4 Nf6 5. Nc3 g6 6. Be3 Bg7 7. f3 O-O 8. Qd2 Nc6 9. O-O-O d5 10. exd5 Nxd5 11. Nxc6 bxc6 12. Bd4 Bxd4 13. Qxd4 Qb6 14. Na4 Qc7 {B76: Sicilian Dragon: Yugoslav Attack, 9 g4 and 9 0-0-0} 15. Bc4 (15. Nc5 Rd8 16. Bc4 Bf5 17. Bb3 Nb6 18. Qc3 h5 19. g3 Nd5 20. Qc4 e6 21. Rhe1 Qe7 22. Nd3 {½-½ (32) Adams,M (2715)-Nakamura,H (2781) London 2017}) 15... Rd8 16. g4 Be6 17. Nc5 Nf4 18. Nxe6 Nxe6 {LiveBook: 5 Games} 19. Qe4 Qf4+ 20. Qxf4 Nxf4 21. Rhe1 Kf8 {[#]} 22. Ba6 $146 ({Predecessor:} 22. Bf1) 22... Rab8 23. c3 g5 24. b4 h6 25. a4 e6 26. Kc2 Ng2 {[#] And now ...Rxd1 would win.} 27. Re4 (27. Rxd8+ {feels hotter.} Rxd8 28. Re4 Rd7 29. c4 Nh4 30. f4) 27... Rxd1 28. Kxd1 $11 {[%mdl 4096] Endgame KRB-KRN} Rd8+ 29. Kc2 Rd7 30. Bf1 Nf4 31. Bc4 Ke7 32. h4 f6 33. hxg5 hxg5 34. Re1 Kf8 35. Rh1 Kg8 36. a5 Kg7 37. Bb3 f5 38. Ba4 Rd6 $2 {[#]} (38... Rc7 $11) 39. Rd1 $18 Rxd1 40. Kxd1 fxg4 $2 {[%mdl 8192]} (40... c5 $16 {is a better chance.}) 41. fxg4 {KB-KN} Kf6 42. Bxc6 Ke5 43. Kd2 Ng6 44. Ke3 Ne7 $2 (44... Kd6) 45. Bb7 Ng8 46. Bf3 Nf6 47. c4 {[%cal Bc3c4,Bc4c5][%mdl 32]} Ne8 48. b5 Nd6 49. Kd3 Kf4 50. Bc6 Kxg4 51. c5 Nf7 52. Kd4 Kf4 53. b6 axb6 54. cxb6 Ne5 55. Kc5 {Precision: White = 64%, Black = 26%.} 1-0

[Event "84th Annual Southwest Open"]
[Site "Irving"]
[Date "2018.09.02"]
[Round "6"]
[White "Ynojosa Aponte, Felix Jose"]
[Black "Daggupati, Balaji"]
[Result "1-0"]
[WhiteElo "2370"]
[BlackElo "2226"]
[Annotator "TA"]
[PlyCount "79"]
[EventDate "2018.08.31"]
[EventType "swiss"]
[EventCountry "USA"]
[SourceTitle "playchess.com"]
[Source "ChessBase"]
[SourceQuality "1"]

{[%evp 14,79,-4,-14,-6,-14,18,19,25,18,52,34,29,33,54,57,56,54,64,36,58,110,200,104,129,68,129,122,117,126,152,83,74,66,70,71,94,96,117,108,127,96,85,75,115,122,117,115,116,98,101,101,98,98,111,97,177,167,315,315,315,216,321,231,29993,29994,29994,29995]} 1. c4 e5 2. Nc3 Nf6 3. Nf3 Nc6 4. e4 Bb4 5. d3 d6 6. h3 {A28: English Opening: Four Knights Variation} O-O 7. Be2 (7. g3 Nd4 8. Bg2 Nxf3+ 9. Qxf3 c6 10. O-O a6 11. Be3 b5 12. cxb5 axb5 13. a3 Bxc3 14. bxc3 {1-0 (43) Lenderman,A (2599)-Onischuk,A (2672) Saint Louis 2018}) 7... h6 8. O-O {LiveBook: 3 Games. The position is equal.} Bc5 9. Na4 $146 ({Predecessor:} 9. a3 a5 10. Be3 Re8 11. Qb3 Nd4 12. Bxd4 exd4 13. Na4 Ba7 {0-1 (43) Chogdov,M (2245)-Darini,P (2491) Zaozhuang 2012}) 9... Bd4 10. Nxd4 Nxd4 11. f4 Re8 12. Nc3 c6 13. Be3 Be6 14. Qd2 Nxe2+ 15. Nxe2 exf4 16. Nxf4 Qe7 17. Rf3 (17. b3 $14) 17... d5 (17... Nd7 $16) 18. cxd5 (18. exd5 $1 $18 cxd5 19. Bd4) 18... cxd5 $16 19. e5 (19. Bd4 $16) 19... Nd7 (19... d4 $14) 20. d4 Nb6 21. b3 Rac8 22. Qf2 (22. Qd3 $142) 22... Bf5 23. Nxd5 Nxd5 24. Rxf5 Nxe3 25. Qxe3 Qe6 26. Raf1 Re7 27. h4 Rd7 28. h5 Qd5 29. R5f4 {[%cal Bf5f4,Bf4g4,Bg4g6][%mdl 32]} Qe6 30. Qg3 {And now Rg4 would win.} Kh8 31. Rg4 Rc3 32. Rf3 Rxf3 33. Qxf3 {[%mdl 4096] Endgame KQR-KQR} Qb6 34. Qf2 Qe6 {[#]} (34... a5 $16) 35. Qg3 $1 $18 f6 {[#]} (35... Qd5 $142 36. Rxg7 Qxd4+ 37. Kh2 Rd8 38. Rxf7 Rg8) 36. Rg6 $1 Rf7 37. Qf2 Qd5 (37... Kh7 $142 38. Qf3 a6) 38. exf6 {[%cal Be5f6,Bf6g7][%mdl 32]} Qxh5 $2 (38... Kh7 $18 39. Qh4 Rxf6) 39. fxg7+ Kg8 {[#]} 40. Qxf7+ $1 {[%mdl 512] Precision: White = 57%, Black = 35%.} 1-0

[Event "84th Annual Southwest Open"]
[Site "Irving"]
[Date "2018.09.02"]
[Round "6"]
[White "Li, Ben"]
[Black "Javakhadze, Zurab"]
[Result "0-1"]
[WhiteElo "2324"]
[BlackElo "2438"]
[Annotator "TA"]
[PlyCount "78"]
[EventDate "2018.08.31"]
[EventType "swiss"]
[EventCountry "USA"]
[SourceTitle "playchess.com"]
[Source "ChessBase"]
[SourceQuality "1"]

{[%evp 18,78,41,46,81,58,81,78,74,28,61,62,64,40,38,35,80,17,68,20,16,0,61,5,31,25,89,81,84,91,120,81,74,74,95,102,95,82,95,40,28,-15,-16,-195,-195,-379,-379,-593,-593,-562,-538,-489,-466,-785,-404,-430,-418,-448,-449,-461,-441,-841,-841]} 1. d4 Nf6 2. c4 e6 3. Nf3 b6 4. a3 Bb7 5. Nc3 g6 6. Qc2 Bg7 7. e4 d6 8. h3 {E12: Queen's Indian: Unusual White 4th moves, 4 a3, 4 Nc3 Bb7 5 a3 and 4 Nc3 Bb7} (8. Be2 O-O 9. O-O Nbd7 10. Rd1 a6 11. h3 h6 12. Be3 Qe7 13. b4 Rfd8 14. Rab1 Rab8 15. d5 Re8 {0-1 (53) Perelshteyn,E (2524)-Howell,D (2701) Douglas 2017}) 8... O-O 9. Bg5 h6 10. Be3 {LiveBook: 4 Games. White is slightly better.} Nc6 $146 ({Predecessor:} 10... Nbd7 11. Be2 e5 12. d5 a5 13. Nd2 Nc5 14. O-O Qe7 15. b4 axb4 16. axb4 {1-0 (35) Saber,Y (2230)-Henrichsen,J (2012) Gibraltar 2016}) 11. Be2 Nd7 12. Qd2 Kh7 13. O-O e5 14. d5 Ne7 15. b4 f5 16. Qc2 Nf6 17. Rac1 (17. exf5 $16 Nxf5 18. Rad1) 17... c5 ({Better is} 17... fxe4 $11 18. Nd2 (18. Nxe4 Nxe4 19. Qxe4 c6 $11) 18... c6) 18. dxc6 (18. Bd3 {looks sharper.} Bc8 19. exf5 Nxf5 20. Bd2 Kg8 21. Ne4) 18... Bxc6 {[%cal Rf6e4]} 19. exf5 gxf5 (19... Nxf5 $11 20. Bd3 Qd7) 20. c5 (20. Nh4 $14) 20... bxc5 21. bxc5 {[#] aiming for Rfd1.} Bxf3 (21... Nfd5 $11) 22. cxd6 ({Don't play} 22. gxf3 $6 d5 $11) 22... Qxd6 23. Bxf3 Rac8 24. Qb3 {Hoping for Nb5.} e4 25. Be2 Qe5 26. Rfd1 Rfd8 27. Rxd8 Rxd8 28. Nb5 ({White should try} 28. Bxa7 $16 Nc6 29. Be3) 28... a6 $14 29. Nc7 f4 30. Qe6 $2 {[#]} (30. Bb6 $11) 30... Qb2 $1 $19 31. Qxe7 $2 (31. Bxf4 Ng6 32. Qf5 Qxe2 33. Ne6) 31... fxe3 32. Re1 (32. Kh2 $142 Qxc1 33. Ne6) 32... exf2+ 33. Kxf2 Qb6+ 34. Kf1 Rd7 ({Not} 34... Rd2 35. Ne6 $11) 35. Na8 (35. Qe5 $142 Rxc7 36. Qf5+ Kh8 37. Qf2) 35... Qc6 ({Worse is} 35... Rxe7 36. Nxb6 Rb7 37. Nc8 $11) 36. Qe5 Qxa8 37. Qf5+ Kh8 {Black is clearly winning.} 38. Rc1 Rd8 39. Rc7 (39. Kg1 $142) 39... Nd5 {Precision: White = 27%, Black = 56%.} 0-1

[Event "84th Annual Southwest Open"]
[Site "Irving"]
[Date "2018.09.02"]
[Round "6"]
[White "Guo, Arthur"]
[Black "Nguyen, Emily"]
[Result "1/2-1/2"]
[WhiteElo "2283"]
[BlackElo "2194"]
[Annotator "TA"]
[PlyCount "40"]
[EventDate "2018.08.31"]
[EventType "swiss"]
[EventCountry "USA"]
[SourceTitle "playchess.com"]
[Source "ChessBase"]
[SourceQuality "1"]

{[%evp 22,40,12,0,8,0,0,0,25,21,30,14,30,12,3,6,1,9,8,4,12]} 1. e4 e5 2. Nf3 Nc6 3. Bb5 {[%cal Bf1b5,Bb5a4,Ba4b3,Bb3a2][%mdl 32]} a6 4. Ba4 Nf6 5. O-O Be7 6. Re1 b5 7. Bb3 O-O 8. d3 d6 9. a3 Na5 {C88: Closed Ruy Lopez: Anti-Marshall Systems} 10. Ba2 Be6 11. Nc3 c5 12. Bg5 {LiveBook: 4 Games} Nc6 13. Bxf6 Bxf6 14. Nd5 {[#]} Bxd5 $146 (14... Nd4 {keeps more tension.} 15. Nd2 Nc6 16. c3 Bg5 17. Nf3 Bh6) ({Predecessor:} 14... g6 15. c3 Bg7 16. h4 Kh8 17. g3 {1-0 (75) Kamsky,G (2762)-Karjakin,S (2775) Beijing 2012}) 15. Bxd5 Qc7 16. Nd2 Rad8 17. Nf1 Ne7 {The position is equal.} 18. Ba2 d5 19. exd5 Nxd5 20. Qf3 Nb6 1/2-1/2